Diccionario de geología / (Record no. 64713)

MARC details
000 -LEADER
campo de control de longitud fija 00728nam a2200229 i 4500
001 - NÚMERO DE CONTROL
campo de control 64713
003 - IDENTIFICADOR DE NÚMERO DE CONTROL
campo de control ES-MaACL
007 - CAMPO FIJO DE DESCRIPCIÓN FÍSICA--INFORMACIÓN GENERAL
campo de control de longitud fija t|
008 - DATOS DE LONGITUD FIJA--INFORMACIÓN GENERAL
campo de control de longitud fija 040105s1985 sp ||||1| spa d
020 ## - NÚMERO INTERNACIONAL ESTÁNDAR DEL LIBRO
Número Internacional Estándar del Libro 84-311-0379-5
100 1# - ENTRADA PRINCIPAL--NOMBRE DE PERSONA
Nombre de persona Foucault, Alain.
9 (RLIN) 51918
245 10 - MENCIÓN DEL TÍTULO
Título Diccionario de geología /
Mención de responsabilidad, etc. por Alain Foucault y Jean François Raoult ; versión castellana de la 2ª ed. francesa por M. Lago, A. Pocoví, J. Tena.
250 ## - MENCION DE EDICION
Mención de edición [1ª ed.].
260 ## - PUBLICACIÓN, DISTRIBUCIÓN, ETC.
Lugar de publicación, distribución, etc. Barcelona :
Nombre del editor, distribuidor, etc. Masson,
Fecha de publicación, distribución, etc. 1985.
300 ## - DESCRIPCIÓN FÍSICA
Extensión 316 p. ;
Dimensiones 24 cm.
504 ## - NOTA DE BIBLIOGRAFÍA, ETC.
Nota de bibliografía, etc. Bibliografía.
700 1# - ENTRADA AGREGADA--NOMBRE PERSONAL
Nombre de persona Raoult, Jean François.
9 (RLIN) 95444
700 1# - ENTRADA AGREGADA--NOMBRE PERSONAL
Nombre de persona Lago, M.
9 (RLIN) 69583
700 1# - ENTRADA AGREGADA--NOMBRE PERSONAL
Nombre de persona Pocoví, A.
9 (RLIN) 92707
700 1# - ENTRADA AGREGADA--NOMBRE PERSONAL
Nombre de persona Tena, J.
9 (RLIN) 109684
852 ## - LOCALIZACIÓN
Ubicación ES-MaACL
Número de control de estantería L-9381
Sublocalización o colección R.111162
Holdings
Estatus retirado Estado de pérdida Estado de daño No para préstamo Colección Biblioteca de origen Biblioteca actual Ubicación en estantería Fecha de adquisición Fuente de adquisición Total de préstamos Signatura topográfica completa Código de barras Visto por última vez Precio de reemplazo Tipo de ítem Koha
        Colección de referencia Biblioteca del Ateneo de Madrid Biblioteca del Ateneo de Madrid Depósito 2 17/01/2008     L-9381 1067806 23/02/2023 23/02/2023 Libro impreso